Państwa, w których żyją Serbowie - Statystyki

Ogólne statystyki
  • Ten quiz został rozwiązany 9 razy
  • Średni wynik to 7 z 11
Statystyki odpowiedzi
Liczba Państwo % Poprawnych
5 988 150 Serbia
100%
187 739 Stany Zjednoczone
89%
1 437 893 Bośnia i Hercegowina
78%
186 633 Chorwacja
67%
178 110 Czarnogóra
67%
80 320 Kanada
67%
623 332 Niemcy
67%
119 889 Francja
56%
300 000 Austria
44%
185 953 Szwajcaria
44%
96 895 Australia
33%
Nie znaleziono quizów pasujących do podanych kryteriów
Rozkład punktacji
Procent ludzi z każdym wynikiem
Percentyl według liczby udzielonych odpowiedzi
Twoja historia wyników
Nie rozwiązałeś tego quizu